Доклад Губернской земской управы Земскому собранию... ... очередному 1892 года$90: ... очередному 1892 года. О действиях по предупреждению и пресечению холерной эпидемии (Запись № 3442589)

Подробности
000 -МАРКЕР
контрольное поле 01500nam2a22002771 4500
001 - ИДЕНТИФИКАТОР ЗАПИСИ
контрольное поле v19\rc\1200940
005 - ИДЕНТИФИКАТОР ВЕРСИИ
контрольное поле 20260405195726.0
035 ## - ДРУГИЕ СИСТЕМНЫЕ НОМЕРА
Идентификатор записи (NLR Aleph) 004366518
100 ## - ДАННЫЕ ОБЩЕЙ ОБРАБОТКИ
Данные общей обработки 20060306d1892 |||y0rusy50 ca
101 0# - ЯЗЫК РЕСУРСА
Язык текста, звукозаписи и т.д. русский
102 ## - СТРАНА ПУБЛИКАЦИИ ИЛИ ПРОИЗВОДСТВА
Страна публикации Российская Федерация
105 ## - ПОЛЕ КОДИРОВАННЫХ ДАННЫХ: ТЕКСТОВЫЕ МАТЕРИАЛЫ, МОНОГРАФИЧЕСКИЕ
Кодированные данные о монографическом текстовом документе y z |||||
200 1# - ЗАГЛАВИЕ И СВЕДЕНИЯ ОБ ОТВЕТСТВЕННОСТИ
Основное заглавие ... очередному 1892 года. О действиях по предупреждению и пресечению холерной эпидемии
210 ## - ПУБЛИКАЦИЯ, РАСПРОСТРАНЕНИЕ И ДР.
Дата издания, распространения и т.д. 1892
Место издания, распространения и т.д. Б. м.
215 ## - ФИЗИЧЕСКАЯ ХАРАКТЕРИСТИКА
Специфическое обозначение материала и объем 74 с.
300 ## - ОБЩИЕ ПРИМЕЧАНИЯ
Текст примечания В конце текста сост.: врач А.В. Смирнов
461 #0 - УРОВЕНЬ НАБОРА
Встроенное поле 001v19\rc\1200913
-- 2001#$aДоклад Губернской земской управы Земскому собранию...$v... очередному 1892 года$90
Системный номер (АБИС) связанной записи 3442242
Автор Владимирская губернская земская управа
Место публикации [Владимир губ.
Дата публикации 1866]-1917
Заглавие Доклад Губернской земской управы Земскому собранию...
Номер тома ... очередному 1892 года$90
517 0# - ДРУГИЕ ВАРИАНТЫ ЗАГЛАВИЯ
Вариант заглавия О действиях по предупреждению и пресечению холерной эпидемии
702 #1 - ИМЯ ЛИЦА - ВТОРИЧНАЯ ОТВЕТСТВЕННОСТЬ
Код отношения Составитель
Материалы, к которым относится поле rus
Графика поля Кириллица
Начальный элемент ввода Смирнов
Часть имени, кроме начального элемента ввода А. В.
Дополнения к именам, кроме дат библиограф, врач
Даты 1854-1918
Расширение инициалов личного имени Александр Васильевич
Идентификатор авторитетной/нормативной записи RU\NLR\AUTH\7787392
Системный номер авторитетной/нормативной записи 70320
801 #0 - ИСТОЧНИК ЗАПИСИ
Страна Российская Федерация
Организация NLR
Правила каталогизации psbo
801 #1 - ИСТОЧНИК ЗАПИСИ
Страна Российская Федерация
Организация ProSoft-M
Источник данных rusmarc
852 ## - МЕСТОНАХОЖДЕНИЕ И ШИФР ХРАНЕНИЯ
Идентификатор организации NLR
Наименование фонда или коллекции (Sub-Location Identifier) Зем
Шифр хранения (Call Number) 6/Д34
942 ## - ДОПОЛНИТЕЛЬНЫЕ ЭЛЕМЕНТЫ ЗАПИСИ (АБИС)
Тип экземпляра АБИС Книга
980 ## - КОЛЛЕКЦИЯ
Название коллекции Национальная библиография
Экземпляры
Тип экземпляра Дата поступления Библиотека постоянного хранения Библиотека текущего хранения Место хранения Шифр хранения Штрих-код Статус экземпляра
Книга 26.10.2013 РНБ (Садовая) РНБ (Садовая) Русский книжный фонд -Главное здание, Ленинский читальный зал Зем 6/Д34 4366518-10